ARRUPE JESUIT UNIVERSITY

CORONAVIRUS -STOP THE SPREAD - CLEAN,DISINFECT,COVER

L'orthodoxie (Record no. 127501)

MARC details
000 -LEADER
fixed length control field 00846cam a22002651 4500
001 - CONTROL NUMBER
control field 8017914
003 - CONTROL NUMBER IDENTIFIER
control field ARRUPE
005 - DATE AND TIME OF LATEST TRANSACTION
control field 20180125140114.0
008 - FIXED-LENGTH DATA ELEMENTS--GENERAL INFORMATION
fixed length control field 800123s1959 fr 000 0 fre
010 ## - LIBRARY OF CONGRESS CONTROL NUMBER
LC control number 67105591
035 ## - SYSTEM CONTROL NUMBER
System control number (OCoLC)5906724
040 ## - CATALOGING SOURCE
Original cataloging agency DLC
Transcribing agency MBrHC
Modifying agency OCoLC
-- DLC
042 ## - AUTHENTICATION CODE
Authentication code premarc
050 00 - LIBRARY OF CONGRESS CALL NUMBER
Classification number BX106.2
Item number .E9
300 ## - PHYSICAL DESCRIPTION
Other physical details illus.
Dimensions 24 cm.
100 1# - MAIN ENTRY--PERSONAL NAME
Personal name Evdokimov, Paul,
Dates associated with a name 1901-1970.
9 (RLIN) 38569
245 12 - TITLE STATEMENT
Title L'orthodoxie
Statement of responsibility, etc Paul Evdokimov.
260 ## - PUBLICATION, DISTRIBUTION, ETC. (IMPRINT)
Place of publication, distribution, etc Neuchâtel,
Name of publisher, distributor, etc Desclee De Brouwer
Date of publication, distribution, etc 1979
300 ## - PHYSICAL DESCRIPTION
Extent 350 p.
440 ## - SERIES STATEMENT/ADDED ENTRY--TITLE
Title Theophanie
9 (RLIN) 38852
504 ## - BIBLIOGRAPHY, ETC. NOTE
Bibliography, etc Bibliography : p. [347]-348.
504 ## - BIBLIOGRAPHY, ETC. NOTE
Bibliography, etc Bibliographical footnotes.
610 20 - SUBJECT ADDED ENTRY--CORPORATE NAME
Corporate name or jurisdiction name as entry element Orthodox Eastern Church
General subdivision Doctrines.
9 (RLIN) 16511
906 ## - LOCAL DATA ELEMENT F, LDF (RLIN)
a 7
b cbc
c oclcrpl
d u
e ncip
f 19
g y-gencatlg
942 ## - ADDED ENTRY ELEMENTS (KOHA)
Source of classification or shelving scheme Library of Congress Classification
Koha item type Monograph ( Printed materials)
Holdings
Withdrawn status Lost status Source of classification or shelving scheme Damaged status Not for loan Collection code Home library Current library Shelving location Date acquired Total Checkouts Full call number Barcode Date last seen Price effective from Koha item type
    Library of Congress Classification     Main Collection ARRUPE LIBRARY ARRUPE LIBRARY Main Collection 25/01/2018   BX106.2 .E9 46600000783 25/01/2018 25/01/2018 Monograph ( Printed materials)

 

Arrupe Library. PO Box MP320 Mt Pleasant, Harare, Zimbabwe
263 242 745411|librarian@aju.ac.zw